| 000 | 00661nam a2200229Ia 4500 | ||
|---|---|---|---|
| 003 | GCL | ||
| 008 | 140319s9999 xx 000 0 ara d | ||
| 040 |
_aGCL / _cGCL |
||
| 082 | 0 | 4 |
_a001.432 _bم ا |
| 100 | 1 | _aمصطفى زايد | |
| 245 | 1 | 0 |
_aالاحصاء والبحث التاريخى / _cمصطفى زايد |
| 260 |
_a[S.N] : _bالمؤسسة العصرية للنشر والترجمة ، _c1987 |
||
| 300 | _a79 ص | ||
| 490 | _a | ||
| 650 | 0 | 4 | _aطرق البحث |
| 650 | 0 | 4 | _aالتاريخ |
| 650 | 0 | 4 | _aالاجتماع |
| 650 | 0 | 4 | _aالاحصاء |
| 650 | 0 | 4 | _aالبحث |
| 650 | 0 | 4 | _aالبحث التاريخى |
| 942 |
_2ddc _cBK |
||
| 999 |
_c29286 _d29286 |
||